Mercantile laws: (Record no. 40027)

MARC details
000 -LEADER
fixed length control field 00890nam a22002537a 4500
008 - FIXED-LENGTH DATA ELEMENTS--GENERAL INFORMATION
fixed length control field 081212t xxu||||| |||| 00| 0beng d
010 ## - LCCN (DPL NO)
LC control number ENG-98810
020 ## - INTERNATIONAL STANDARD BOOK NUMBER
Terms of availability 165.00
International Standard Book Number 9788183333177
035 ## - SYSTEM CONTROL NUMBER
System control number EN-82342
037 ## - SOURCE OF ACQUISITION
Source of stock number/acquisition DBAD / PUB
040 ## - CATALOGING SOURCE
Original cataloging agency dpl
Language of cataloging English
082 ## - DEWEY DECIMAL CLASSIFICATION NUMBER
Classification number 346.5407
100 ## - MAIN ENTRY--PERSONAL NAME
9 (RLIN) 3724
Personal name Nadhani, Asok K.
245 ## - TITLE STATEMENT
Title Mercantile laws:
Statement of responsibility, etc by Asok K. Nadhani
Remainder of title CA- common proficiency test (CPT) /
260 ## - PUBLICATION, DISTRIBUTION, ETC. (IMPRINT)
Place of publication, distribution, etc New Delhi
Name of publisher, distributor, etc BPB Publications
Date of publication, distribution, etc 2010
270 ## - ADDRESS
Address B-14, connaught Place,
City New Delhi
Postal code 110001
300 ## - PHYSICAL DESCRIPTION
Extent 352p.
Dimensions 24cm (pbk)
500 ## - GENERAL NOTE
General note Includes index
600 ## - SUBJECT ADDED ENTRY--PERSONAL NAME
Personal name Baba Visakha Singh
General subdivision Biography.
9 (RLIN) 3725
650 ## - SUBJECT ADDED ENTRY--TOPICAL TERM
9 (RLIN) 8393
700 ## - ADDED ENTRY--PERSONAL NAME
9 (RLIN) 8394
942 ## - ADDED ENTRY ELEMENTS (KOHA)
Source of classification or shelving scheme Dewey Decimal Classification
Item type English Books
Call number suffix NAD
Classification part 346.5407
Holdings
Withdrawn status Lost status Source of classification or shelving scheme Damaged status Not for loan Collection code Home library Current library Date acquired Source of acquisition Cost, normal purchase price Total Checkouts Full call number Barcode Date last seen Copy number Cost, replacement price Koha item type
    Dewey Decimal Classification   Not For Loan Non-fiction D.B.Act.Division D.B.Act.Division 07/08/2010 DBAD/PUB 165.00   346.5407 NAD EN-82342 07/08/2010 1 165.00 English Books

© Delhi Public Library
Hit Counter
free hit counter